Eagles Player's Colleges - Statistics

General Stats
  • This quiz has been taken 95 times
  • The average score is 30 of 53
Answer Stats
Hint Answer % Correct
Jahan Dotson Penn State
96%
Landon Dickerson Alabama
93%
Eli Ricks Alabama
93%
DeVonta Smith Alabama
93%
Tyler Steen Alabama
93%
Jalen Carter Georgia
93%
Jordan Davis Georgia
93%
Nakobe Dean Georgia
93%
Kelee Ringo Georgia
93%
Nolan Smith Jr. Georgia
93%
Jalen Hurts Oklahoma
87%
Lane Johnson Oklahoma
87%
Saquon Barkley Penn State
84%
AJ Brown Ole Miss
83%
Cooper DeJean Iowa
75%
Will Shipley Clemson
74%
Jeremiah Trotter Jr. Clemson
74%
Brandon Graham Michigan
70%
Trevor Keegan Michigan
70%
Avonte Maddox Pittsburgh
67%
Kenny Pickett Pittsburgh
67%
Moro Ojomo Texas
64%
CJ Gardner-Johnson Florida
62%
Fred Johnson Florida
62%
Quinyon Mitchell Toledo
61%
Thomas Booker IV Stanford
53%
Tanner McKee Stanford
53%
Zack Baun Wisconsin
53%
Josh Sweat Florida State
50%
Johnny Wilson Florida State
50%
Darius Slay Jr. Mississippi State
46%
Braden Mann Texas A&M
45%
Anias Smith Texas A&M
45%
Nick Gates Nebraska
43%
Cam Jurgens Nebraska
43%
Dallas Goedert South Dakota State
41%
Sydney Brown Illinois
36%
Jake Elliott Memphis
36%
Kenneth Gainwell Memphis
36%
Bryce Huff Memphis
36%
Ben VanSumeren Michigan State
36%
Britain Covey Utah
36%
Jack Driscoll Auburn
34%
Mekhi Becton Louisville
33%
Grant Calcaterra SMU
26%
Jaylx Hunt Houston Christian
24%
Reed Blankenship Middle Tennessee State
24%
Oren Burks Vanderbilt
24%
Darian Kinnard Kentucky
22%
Milton Williams Louisiana Tech
18%
Rick Lovato Old Dominion
9%
Isaiah Rodgers Massachusetts
8%
Tristin McCollum Sam Houston State
4%
No matching quizzes found
Score Distribution
Percent of People with Each Score
Percentile by Number Answered
Your Score History
You have not taken this quiz